000 01225nam a2200301 a 4500
001 ebr10623244
003 CaPaEBR
006 m u
007 cr cn|||||||||
008 121130s2009 enk sb 001 0 eng d
020 _z9780719075087 (hardback)
020 _z9781847792990 (e-book)
040 _aCaPaEBR
_cCaPaEBR
035 _a(OCoLC)823740768
050 1 4 _aJA71
_b.G37 2009eb
100 1 _aGarnett, Mark.
245 1 0 _aConservative thinkers
_h[electronic resource] :
_bthe key contributors to the political thought of the modern Conservative Party /
_cMark Garnett and Kevin Hickson.
260 _aManchester :
_bManchester University Press,
_c2009.
300 _a194 p.
504 _aIncludes bibliographical references and index.
533 _aElectronic reproduction.
_bPalo Alto, Calif. :
_cebrary,
_d2011.
_nAvailable via World Wide Web.
_nAccess may be limited to ebrary affiliated libraries.
650 0 _aPolitical science.
650 0 _aPolitical culture.
655 7 _aElectronic books.
_2local
700 1 _aHickson, Kevin.
710 2 _aebrary, Inc.
856 4 0 _uhttp://site.ebrary.com/lib/rucke/Doc?id=10623244
_zAn electronic book accessible through the World Wide Web; click to view
999 _c55761
_d55761